=LDR 00000nam 2200000 4500 =001 INLIS000000000809915 =008 ###################################ind## =035 ##$$a 0010-0925000040 =245 ##$$a Dosa-Dosa Yang Dianggap Biasa / $c muhammad shalih al munajid =260 ##$$b Darul Haq =084 ##$$a 297.57 MUH